书目信息 |
| 书名: | Contemporary marketing, 1999 | |
| 作者: | Louis E. Boone, David L. Kurtz. | |
| 分册号: | ||
| 分册名: | 出版地: | Fort Worth : |
|
| 出版社: | Dryden Press | |
| 出版时间: | c1999. | |
| 页数: | 742 p. : | |
| 开本: | 28 cm. | |
| 丛书名: | The Dryden Press series in marketing | |
| 中图分类号: | ||
| 科图分类号: | ||
| 其他分类号: | F7 | |
| 主题词: | ||
| 电子资源: | ||
| 000 | 00853nam 2200289 a 4500 | |
| 001 | E0751461453 | |
| 005 | 20070423143018.10 | |
| 008 | 981211s1999 txua b 001 0 eng | |
| 010 | @a 98086928 | |
| 020 | @a003022313X. | |
| 040 | @aDLC@cDLC | |
| 050 | 04 | @aHF5415@b.B53 1999 |
| 082 | 00 | @a658.8 @2 21 |
| 090 | @aF713.5/X31 | |
| 090 | @aF7 | |
| 092 | @aCN@b商-27 | |
| 099 | @dF7@ex46=9 | |
| 100 | 1 | @aBoone, Louis E. |
| 245 | 10 | @aContemporary marketing, 1999 / @cLouis E. Boone, David L. Kurtz. |
| 246 | 30 | @aContemporary marketing |
| 250 | @a9th ed. | |
| 260 | @aFort Worth :@bDryden Press,@cc1999. | |
| 300 | @a742 p. :@bcol. ill. ;@c28 cm. | |
| 440 | 4 | @aThe Dryden Press series in marketing |
| 504 | @aIncludes bibliographical references and indexes. | |
| 650 | 0 | @aMarketing. |
| 700 | 1 | @aKurtz, David L. |
| Contemporary marketing, 1999 / / Louis E. Boone, David L. Kurtz.-9th ed.-Fort Worth : : Dryden Press, , c1999. |
| 742 p. : : col. ill. ; ; 28 cm.- (The Dryden Press series in marketing ) |
| Includes bibliographical references and indexes. |
| ISBN 003022313X. |
| ● |
| 相关链接 |
|
|
|
|
正题名:Contemporary marketing, 1999
索取号:F7/x46=9
 
预约/预借
| 序号 | 登录号 | 条形码 | 馆藏地/架位号 | 状态 | 备注 |
| 1 | 4835 | 300048357 | 第二样本阅览室/ [索取号:F7/x46=9] | 在馆 | |
| 2 | 4836 | 300048366 | 第四借阅区/ [索取号:F7/x46=9] | 在馆 | |
| 3 | 4837 | 300048375 | 第四借阅区/ [索取号:F7/x46=9] | 在馆 | |
| 4 | 4838 | 300048384 | 密集书库/ [索取号:F7/x46=9] | 在馆 | |
| 5 | 4839 | 300048393 | 密集书库/ [索取号:F7/x46=9] | 在馆 |